000 00450nam a2200169Ia 4500
005 20250508153235.0
008 008 250505s9999 xx 000 0 eng d
037 _aBooks to be hide in OPAC
040 _aFEDL
_beng
_cFEDL
041 _aeng
_2eng
084 _a300.7, KOC/O
_qFEDL
100 _aKochher
_9763489
245 0 _aTeaching of social studies
300 _a214p.
942 _cHB
_h300.7, KOC/O
999 _c1341460
_d1341460